[Event "EU-ch 23rd"]
[Site "Vrnjacka Banja"]
[Date "2023.03.08"]
[Round "6"]
[White "Levitan, Tal"]
[Black "Alexakis, Dimitris"]
[Result "1-0"]
[WhiteElo "2276"]
[BlackElo "2472"]
[PlyCount "109"]
[EventDate "2023.03.03"]
[EventType "swiss"]
[EventRounds "11"]
[EventCountry "SRB"]
[SourceTitle "CBM 213"]
[Source "ChessBase"]
[SourceDate "2023.04.30"]
[SourceVersion "1"]
[SourceVersionDate "2023.04.30"]
[SourceQuality "1"]

1. e4 c5 2. c3 Nf6 3. e5 Nd5 4. d4 cxd4 5. cxd4 d6 6. Nf3 Nc6 7. Bc4 Nb6 8. Bb5 a6 9. Bxc6+ bxc6 10. Qc2 Qc7 11. 0-0 Bg4 12. exd6 Qxd6 13. Ne5 Bh5 14. Bf4 f6 15. Nc4 Qxd4 16. Nd6+ exd6 17. Qxc6+ Kf7 18. Be3 Qc4 19. Qxb6 Be7 20. Rc1 Qe6 21. Nc3 Rhc8 22. Re1 Rab8 23. Qxa6 Rxb2 24. Bd4 Qc4 25. Qa7 Rc7 26. Qxc7 Qxc7 27. Nd5 Qc2 28. Rxe7+ Kg6 29. Bxb2 Qxb2 30. Ree1 Qd4 31. Ne3 f5 32. a4 f4 33. Nf1 Be2 34. a5 Ba6 35. Red1 Qb4 36. Rdb1 Qc3 37. Rc1 Qb2 38. Rab1 Qa2 39. Ra1 Qd5 40. Rd1 Qe5 41. Nd2 Kh6 42. Nf3 Qc5 43. Rd4 Qc3 44. Rxd6+ g6 45. Rdd1 Be2 46. Rdc1 Qb2 47. Rcb1 Qf6 48. Re1 Ba6 49. Ne5 Kh5 50. Rac1 Qd6 51. Nf7 Qf8 52. Re5+ Kh4 53. Rc3 Bc8 54. g3+ Kh3 55. Ng5+ 1-0

[Event "ISR-ch 41st"]
[Site "Arad"]
[Date "2022.12.09"]
[Round "5"]
[White "Levitan, Tal"]
[Black "Zemach, Nadav"]
[Result "1-0"]
[WhiteElo "2243"]
[BlackElo "2403"]
[PlyCount "189"]
[EventDate "2022.12.05"]
[EventType "swiss"]
[EventRounds "9"]
[EventCountry "ISR"]
[SourceTitle "CBM 211 Extra"]
[Source "ChessBase"]
[SourceDate "2023.01.31"]
[SourceVersion "1"]
[SourceVersionDate "2023.01.31"]
[SourceQuality "1"]

1. e4 e5 2. Nf3 Nc6 3. Nc3 Nf6 4. Bb5 Nd4 5. 0-0 c6 6. Bd3 Nxf3+ 7. Qxf3 Bd6 8. Bc4 0-0 9. a4 Bc7 10. d3 h6 11. h3 d6 12. Ne2 Kh7 13. Ng3 g6 14. Qe2 d5 15. Ba2 Kg7 16. Kh1 Qe7 17. f4 dxe4 18. dxe4 exf4 19. Bxf4 Bxf4 20. Rxf4 Nd7 21. e5 Nxe5 22. Raf1 f6 23. Ne4 Bf5 24. Rxf5 gxf5 25. Ng3 Qe8 26. Nxf5+ Kh8 27. Rf4 Qg6 28. Qf2 h5 29. Rh4 Rad8 30. Ng3 Rd5 31. Bxd5 cxd5 32. Nxh5 Kg8 33. Nf4 Qf5 34. Rh5 Qe4 35. Nd3 Ng6 36. Rf5 Kg7 37. Nc5 Qe8 38. Rxd5 Rf7 39. Qf5 Qe1+ 40. Kh2 Re7 41. Rd6 Qh4 42. Ne6+ Kf7 43. Qd5 Ne5 44. Nd4+ Kf8 45. Rd8+ Re8 46. Rxe8+ Kxe8 47. Qe6+ Kd8 48. Qe7+ Kxe7 49. Nf5+ Ke6 50. Nxh4 Nc4 51. b3 Ne3 52. c4 Nf1+ 53. Kg1 Nd2 54. Kf2 Nxb3 55. Ke3 Nc5 56. a5 Nb3 57. a6 bxa6 58. Nf3 Nc5 59. Kd4 Nb3+ 60. Kc3 Nc5 61. h4 a5 62. Nd4+ Ke5 63. h5 Ne4+ 64. Kd3 Nf2+ 65. Ke2 Ng4 66. Nc6+ Ke4 67. Nxa5 Kd4 68. Kf3 Nh6 69. Kf4 a6 70. g4 Kc5 71. g5 fxg5+ 72. Kxg5 Nf7+ 73. Kg6 Ne5+ 74. Kf5 Nf7 75. Ke6 Nh6 76. Nb7+ Kxc4 77. Nd6+ Kb4 78. Nf5 Ng4 79. Nd4 Kc4 80. Kf5 Nh6+ 81. Kg6 Ng4 82. Nc6 a5 83. Nxa5+ Kd5 84. Nb3 Ke6 85. Nd4+ Ke7 86. Kg7 Nf6 87. h6 Ne8+ 88. Kg6 Nf6 89. Nc6+ Ke6 90. Nd4+ Ke7 91. Ne2 Ng4 92. h7 Ne5+ 93. Kg7 Nf7 94. Nf4 Nh8 95. Ng6+ 1-0

[Event "Ramat Gan Rosh Hashanah Rapid"]
[Site "Ramat Gan"]
[Date "2022.09.25"]
[Round "3"]
[White "Aizenberg, Benny"]
[Black "Levitan, Tal"]
[Result "1-0"]
[WhiteElo "2412"]
[BlackElo "2212"]
[PlyCount "65"]
[EventDate "2022.09.25"]
[EventType "swiss (rapid)"]
[EventRounds "6"]
[EventCountry "ISR"]
[SourceTitle "EXT 2023"]
[Source "ChessBase"]
[SourceDate "2022.10.05"]
[SourceVersion "1"]
[SourceVersionDate "2022.10.05"]
[SourceQuality "1"]

1. e4 e5 2. Nf3 Nc6 3. d4 exd4 4. Nxd4 Nf6 5. Nxc6 bxc6 6. e5 Qe7 7. Qe2 Nd5 8. h4 Qe6 9. c4 Nb6 10. Nd2 Ba6 11. b3 Bb4 12. Bb2 0-0 13. 0-0-0 d5 14. exd6 Qxe2 15. Bxe2 cxd6 16. h5 h6 17. a3 Bxd2+ 18. Rxd2 d5 19. Rh4 dxc4 20. bxc4 Na4 21. Bd4 Nb6 22. c5 Bxe2 23. cxb6 c5 24. b7 Rab8 25. Bxc5 Rfe8 26. Rb4 a5 27. Rb6 Bf1 28. Bd6 Bxg2 29. Bxb8 Rxb8 30. Rd7 Bf3 31. Rc7 Kh7 32. Kd2 Bd5 33. Kc3 1-0

[Event "Ramat Gan Rosh Hashanah Rapid"]
[Site "Ramat Gan"]
[Date "2022.09.25"]
[Round "2"]
[White "Levin, Guy"]
[Black "Levitan, Tal"]
[Result "1/2-1/2"]
[WhiteElo "2382"]
[BlackElo "2212"]
[PlyCount "122"]
[EventDate "2022.09.25"]
[EventType "swiss (rapid)"]
[EventRounds "6"]
[EventCountry "ISR"]
[SourceTitle "EXT 2023"]
[Source "ChessBase"]
[SourceDate "2022.10.05"]
[SourceVersion "1"]
[SourceVersionDate "2022.10.05"]
[SourceQuality "1"]

1. e4 e5 2. Nf3 Nc6 3. Bb5 a6 4. Bxc6 dxc6 5. 0-0 Qd6 6. Na3 b5 7. d3 Nf6 8. h3 c5 9. Nb1 h6 10. a4 b4 11. b3 Be6 12. Bb2 Nd7 13. Nbd2 Be7 14. Qe2 0-0 15. Rfe1 Bf6 16. Rad1 Rfd8 17. Nc4 Bxc4 18. dxc4 Qe7 19. Qe3 Nf8 20. Rd5 c6 21. Rxc5 Rd6 22. Bxe5 Bxe5 23. Nxe5 Ne6 24. a5 Nxc5 25. Qxc5 Re8 26. Nd3 Re6 27. Qxe7 R6xe7 28. f3 f5 29. e5 g5 30. g3 f4 31. gxf4 gxf4 32. Re4 Kg7 33. Rxf4 Rxe5 34. Nxe5 Rxe5 35. Kf2 Rxa5 36. Ke3 Rh5 37. h4 Re5+ 38. Kd4 Rh5 39. c5 Rd5+ 40. Kc4 Rd2 41. Kxb4 Rxc2 42. h5 a5+ 43. Kxa5 Rxc5+ 44. Kb6 Rb5+ 45. Kxc6 Rxb3 46. Rf5 Rd3 47. Kc5 Rd1 48. Kc4 Rd7 49. Rf4 Rd1 50. Rg4+ Kf7 51. Rf4+ Ke6 52. Rg4 Rf1 53. Rg3 Rh1 54. Rg6+ Kf7 55. Rxh6 Rf1 56. Kd5 Rxf3 57. Ke4 Rf1 58. Ra6 Kg7 59. Ke3 Rh1 60. h6+ Rxh6 61. Rxh6 Kxh6 1/2-1/2

[Event "Miercurea Ciuc GP RO Stage 3"]
[Site "Miercurea Ciuc"]
[Date "2022.08.28"]
[Round "9"]
[White "Levitan, Tal"]
[Black "Juhasz, Agoston Botond"]
[Result "1-0"]
[WhiteElo "2200"]
[BlackElo "2372"]
[PlyCount "97"]
[EventDate "2022.08.20"]
[EventType "swiss"]
[EventRounds "9"]
[EventCountry "ROU"]
[SourceTitle "CBM 209 Extra"]
[Source "ChessBase"]
[SourceDate "2022.09.30"]
[SourceVersion "1"]
[SourceVersionDate "2022.09.30"]
[SourceQuality "1"]

1. e4 c6 2. d4 d5 3. exd5 cxd5 4. c4 Nf6 5. Nc3 g6 6. Qb3 Bg7 7. cxd5 0-0 8. Be2 Nbd7 9. Bf3 Nb6 10. Nge2 a5 11. a4 Bf5 12. 0-0 Bd3 13. d6 Qxd6 14. Nb5 Bxb5 15. Qxb5 Nfd5 16. b3 Nc7 17. Qd3 Nbd5 18. Ba3 Qd7 19. Rac1 Rfd8 20. Rfd1 Rab8 21. Qd2 b6 22. h3 e6 23. Ng3 Na6 24. Be2 Nab4 25. Bb5 Qe7 26. Rc4 Qh4 27. Qe1 Rbc8 28. Bxb4 Nxb4 29. d5 Rxc4 30. bxc4 exd5 31. cxd5 Rxd5 32. Rc1 Rd8 33. Rc7 Nd5 34. Rc6 Bd4 35. Qe4 Nf4 36. Qf3 Qg5 37. Ne4 Qe5 38. Rf6 g5 39. Bc4 Rd7 40. h4 Rc7 41. hxg5 Rxc4 42. Rxf4 Rc1+ 43. Kh2 Rc2 44. g3 Qe6 45. Qd3 Qc4 46. Nf6+ Kf8 47. Rxd4 Rxf2+ 48. Kh3 Qe6+ 49. g4 1-0